<?xml version="1.0" encoding="UTF-8"?><marc:collection xmlns:marc="http://www.loc.gov/MARC21/slim">
  <marc:record>
    <marc:leader>00000nam##2200000za#4500</marc:leader>
    <marc:controlfield tag="001">9.625233</marc:controlfield>
    <marc:controlfield tag="003">CaOODSP</marc:controlfield>
    <marc:controlfield tag="005">20220808101246</marc:controlfield>
    <marc:controlfield tag="007">ta</marc:controlfield>
    <marc:controlfield tag="008">150406|2000||||xxc|||||     f|0| 0 fre|d</marc:controlfield>
    <marc:datafield tag="020" ind1=" " ind2=" ">
      <marc:subfield code="a">0-662-84357-6</marc:subfield>
    </marc:datafield>
    <marc:datafield tag="040" ind1=" " ind2=" ">
      <marc:subfield code="a">CaOODSP</marc:subfield>
      <marc:subfield code="b">fre</marc:subfield>
    </marc:datafield>
    <marc:datafield tag="043" ind1=" " ind2=" ">
      <marc:subfield code="a">n-cn---</marc:subfield>
    </marc:datafield>
    <marc:datafield tag="086" ind1="1" ind2=" ">
      <marc:subfield code="a">En40-215/48F</marc:subfield>
    </marc:datafield>
    <marc:datafield tag="110" ind1="1" ind2=" ">
      <marc:subfield code="a">Canada. </marc:subfield>
      <marc:subfield code="b">Environnement Canada.</marc:subfield>
    </marc:datafield>
    <marc:datafield tag="245" ind1="1" ind2="0">
      <marc:subfield code="a">Acroléine </marc:subfield>
    </marc:datafield>
    <marc:datafield tag="260" ind1=" " ind2=" ">
      <marc:subfield code="a">Ottawa - Ontario : </marc:subfield>
      <marc:subfield code="b">Environnement Canada </marc:subfield>
      <marc:subfield code="c">2000.</marc:subfield>
    </marc:datafield>
    <marc:datafield tag="300" ind1=" " ind2=" ">
      <marc:subfield code="a">vi, 64p. : </marc:subfield>
      <marc:subfield code="b">graphiques, références, tableaux ; </marc:subfield>
      <marc:subfield code="c">28 cm.</marc:subfield>
    </marc:datafield>
    <marc:datafield tag="490" ind1="1" ind2=" ">
      <marc:subfield code="a">Liste des substances d'intérêt prioritaire: rapport d'évaluation </marc:subfield>
    </marc:datafield>
    <marc:datafield tag="500" ind1=" " ind2=" ">
      <marc:subfield code="a">«Il n'y a pas de fabrication commerciale d'acroléine au Canada. Ce produit est importé des États-Unis et sert principalement d'herbicide aquatique, dans les canaux d'irrigation, et de microbiocide dans l'eau pour les opérations de prospection pétrolière... On estime qu'au moins 218 tonnes d'acroléine sont rejetées dans l'atmosphère chaque année à partir de sources anthropiques où intervient la combustion de matières organiques (surtout les gaz d'échappement des véhicules) ou de l'industrie forestière... Aucune autre source de pollution de l'eau, des sédiments ou des sols par de l'acroléine issue de produits autres que les produits antiparasitaires n'a été relevée au Canada.»--Synopsis.</marc:subfield>
    </marc:datafield>
    <marc:datafield tag="520" ind1="3" ind2=" ">
      <marc:subfield code="a">Il n'y a pas de fabrication commerciale d'acroléine au Canada. Ce produit est importé des États-Unis et sert principalement d'herbicide aquatique, dans les canaux d'irrigation, et de microbiocide dans l'eau pour les opérations de prospection pétrolière... On estime qu'au moins 218 tonnes d'acroléine sont rejetées dans l'atmosphère chaque année à partir de sources anthropiques où intervient la combustion de matières organiques (surtout les gaz d'échappement des véhicules) ou de l'industrie forestière... Aucune autre source de pollution de l'eau, des sédiments ou des sols par de l'acroléine issue de produits autres que les produits antiparasitaires n'a été relevée au Canada.--Synopsis</marc:subfield>
    </marc:datafield>
    <marc:datafield tag="563" ind1=" " ind2=" ">
      <marc:subfield code="a">Reliure à spirale</marc:subfield>
    </marc:datafield>
    <marc:datafield tag="590" ind1=" " ind2=" ">
      <marc:subfield code="a">00-25</marc:subfield>
      <marc:subfield code="b">2000-06-23</marc:subfield>
    </marc:datafield>
    <marc:datafield tag="691" ind1="0" ind2="7">
      <marc:subfield code="a">Substance chimique</marc:subfield>
      <marc:subfield code="2">gcpds</marc:subfield>
    </marc:datafield>
    <marc:datafield tag="691" ind1="0" ind2="7">
      <marc:subfield code="a">Toxicologie</marc:subfield>
      <marc:subfield code="2">gcpds</marc:subfield>
    </marc:datafield>
    <marc:datafield tag="691" ind1="0" ind2="7">
      <marc:subfield code="a">Évaluation environnementale</marc:subfield>
      <marc:subfield code="2">gcpds</marc:subfield>
    </marc:datafield>
    <marc:datafield tag="776" ind1="0" ind2="#">
      <marc:subfield code="t">Acroléine / </marc:subfield>
      <marc:subfield code="w">(CaOODSP)9.590720</marc:subfield>
    </marc:datafield>
    <marc:datafield tag="830" ind1="#" ind2="0">
      <marc:subfield code="a">Liste des substances d'intérêt prioritaire, rapport d'évaluation.</marc:subfield>
      <marc:subfield code="w">(CaOODSP)9.512966</marc:subfield>
    </marc:datafield>
  </marc:record>
</marc:collection>
